| 000 | 00634nam a22001937a 4500 | ||
|---|---|---|---|
| 999 |
_c10173 _d10173 |
||
| 003 | AR-CdUCM | ||
| 008 | 190329b ||||| |||| 00| 0 spa d | ||
| 040 |
_aMUNICIPALIDAD PROVINCIAL DEL CUSCO _cBIBLIOTECA MUNICIPAL DEL CUSCO |
||
| 082 |
_a869.56 / _bV19G / 1970 |
||
| 100 |
_aValdivia, Oscar _910062 |
||
| 245 | _aGracias por gracias / | ||
| 260 |
_aLima : _bEdiciones de la Rama Florida : _bJurídica S.A., _c1970. |
||
| 300 |
_a36 páginas ; _c20 cm. |
||
| 500 | _aDonación de la familia Nieto. | ||
| 650 |
_aPoesía peruana - Siglo XX _914083 |
||
| 650 |
_aPoetas peruanos _91611 |
||
| 942 |
_2ddc _cLIBROS |
||
| 945 | _alccs | ||